The african image (Record no. 29982)
[ view plain ]
| 000 -LEADER | |
|---|---|
| fixed length control field | 00442nam a2200205Ia 4500 |
| 003 - CONTROL NUMBER IDENTIFIER | |
| control field | 0100 |
| 008 - FIXED-LENGTH DATA ELEMENTS--GENERAL INFORMATION | |
| fixed length control field | 130303s9999 xx 000 0 und d |
| 040 ## - CATALOGING SOURCE | |
| Transcribing agency | ARRUPELIB |
| 050 ## - LIBRARY OF CONGRESS CALL NUMBER | |
| Classification number | GN645.M7 1974 |
| 300 ## - PHYSICAL DESCRIPTION | |
| Other physical details | 21 cm |
| 100 ## - MAIN ENTRY--PERSONAL NAME | |
| Personal name | Mphahlele, Ezekiel |
| 245 #4 - TITLE STATEMENT | |
| Title | The african image |
| 250 ## - EDITION STATEMENT | |
| Edition statement | Rev. |
| 260 ## - PUBLICATION, DISTRIBUTION, ETC. (IMPRINT) | |
| Place of publication, distribution, etc | New York |
| 260 ## - PUBLICATION, DISTRIBUTION, ETC. (IMPRINT) | |
| Name of publisher, distributor, etc | Praeger |
| 260 ## - PUBLICATION, DISTRIBUTION, ETC. (IMPRINT) | |
| -- | 1974 |
| 300 ## - PHYSICAL DESCRIPTION | |
| Extent | 316 p. |
| 700 ## - ADDED ENTRY--PERSONAL NAME | |
| Personal name | Ezekiel Mphahlele |
| 942 00 - ADDED ENTRY ELEMENTS (KOHA) | |
| Koha issues (borrowed), all copies | 1 |
| Withdrawn status | Lost status | Source of classification or shelving scheme | Damaged status | Not for loan | Collection code | Home library | Current library | Shelving location | Date acquired | Total Checkouts | Full call number | Barcode | Date last seen | Date checked out | Copy number | Price effective from | Koha item type |
|---|---|---|---|---|---|---|---|---|---|---|---|---|---|---|---|---|---|
| Library of Congress Classification | Main Collection | ARRUPE LIBRARY | ARRUPE LIBRARY | 04/03/2013 | 6 | GN645.M7 1974 | 46003044155 | 28/11/2023 | 16/10/2023 | 1 | 04/03/2013 | Monograph ( Printed materials) | |||||
| Library of Congress Classification | SPECIAL Collection | ARRUPE LIBRARY | ARRUPE LIBRARY | Main Collection | 10/06/2014 | SPC GN645.M7 1974 | 46500000595 | 10/06/2014 | 2 | 10/06/2014 | SPC |